000 00321nam a22001337a 4500
020 _a978-1478637103
041 _aENG
100 _aSabins.F.F
245 _aRemote Sensing Principles And Intrpretation
260 _aNew York
_bW.H Freeman And Company
_c2000
300 _a494
650 _aSWCE
856 _uSWCE ( 06 )
999 _c1865
_d1865